Наносекундный сильноточный импульсный ускоритель электронов с индуктивным формирующим элементом; Письма в Журнал технической физики; Т. 3, вып. 10-17

Bibliografske podrobnosti
Parent link:Письма в Журнал технической физики/ Российская академия наук (РАН), Физико-технический институт им. А. Ф. Иоффе (ФТИ) ; Отделение общей физики и астрономии РАН.— , 1975-
Т. 3, вып. 10-17.— 1977.— С. 883-886
Drugi avtorji: Котов Ю. А., Ковальчук Б. М. Борис Михайлович, Колганов Н. Г., Месяц Г. А. Геннадий Андреевич, Седой В. С., Ипатов А. Л.
Jezik:ruščina
Izdano: 1977
Teme:
Format: MixedMaterials Book Chapter
KOHA link:https://koha.lib.tpu.ru/cgi-bin/koha/opac-detail.pl?biblionumber=450823

MARC

LEADER 00000naa2a2200000 4500
001 450823
005 20231101083419.0
035 |a (RuTPU)RU\TPU\prd\113016 
090 |a 450823 
100 |a 20110616a1977 k y0rusy50 ca 
101 0 |a rus 
102 |a RU 
200 1 |a Наносекундный сильноточный импульсный ускоритель электронов с индуктивным формирующим элементом  |f Ю. А. Котов [и др.] 
320 |a Библиогр.: с. 885-886 (4 назв.) 
461 0 |0 (RuTPU)RU\TPU\prd\486  |t Письма в Журнал технической физики  |f Российская академия наук (РАН), Физико-технический институт им. А. Ф. Иоффе (ФТИ) ; Отделение общей физики и астрономии РАН  |d 1975- 
463 0 |0 (RuTPU)RU\TPU\prd\101957  |t Т. 3, вып. 10-17  |v С. 883-886  |d 1977 
610 1 |a труды учёных ТПУ 
701 1 |a Котов  |b Ю. А. 
701 1 |a Ковальчук  |b Б. М.  |c российский электрофизик  |c профессор-консультант Томского политехнического университета  |c зав. лаб. Института сильноточной электроники Томского политехнического университета  |c выпускник ЭЭФ Томского политехнического института 1962 г., академик РАН  |f 1939-  |g Борис Михайлович  |2 stltpush  |3 (RuTPU)RU\TPU\pers\27417  |4 070 
701 1 |a Колганов  |b Н. Г. 
701 1 |a Месяц  |b Г. А.  |c российский физик  |c академик, вице-президент РАН  |c выпускник Томского политехнического института  |f 1936-  |g Геннадий Андреевич  |2 stltpush  |3 (RuTPU)RU\TPU\pers\17099  |4 070 
701 1 |a Седой  |b В. С. 
701 1 |a Ипатов  |b А. Л. 
801 1 |a RU  |b 63413507  |c 20110616 
801 2 |a RU  |b 63413507  |c 20110616  |g RCR 
942 |c BK